Reformed faith and its call for a competent ministry (Registro nro. 70467)
[ vista simple ]
| 000 -LÍDER | |
|---|---|
| Campo fijo de descripción fija | 01271nam a2200241 4500 |
| 001 - NÚMERO DE CONTROL | |
| Campo de control | 768714001 |
| 003 - IDENTIFICADOR DEL NÚMERO DE CONTROL | |
| Campo de control | CO-MdFUSB |
| 005 - FECHA Y HORA DE LA ULTIMA TRANSACCIÓN | |
| control field | 20240710074723.0 |
| 008 - ELEMENTOS DE LONGITUD FIJA -- INFORMACIÓN GENERAL | |
| Campo fijo de descripción fija -- Información general | 240710t1980 sz ||||| |||| 00| 0 eng d |
| 040 ## - FUENTE DE CATALOGACIÓN | |
| Idioma de catalogación | spa |
| Agencia que realiza la transcripción | CO-MdFUSB |
| Agencia que realiza la modificación | CO-MdFUSB |
| 041 ## - CÓDIGO DE IDIOMA | |
| Código de idioma para texto/pista de sonido o título separado | eng |
| 100 ## - ASIENTO PRINCIPAL--NOMBRE PERSONAL | |
| Nombre personal | Homrighausen, Elmer C., |
| Término relacionador | autor |
| 245 ## - TÍTULO | |
| Título | Reformed faith and its call for a competent ministry |
| Mención de responsabilidad | / Elmer C. Homrighausen |
| 520 ## - NOTA DE RESUMEN, ETC. | |
| Nota de sumario, etc. | Las siguientes tesis fueron desarrolladas como una serie de temas de discusión para una de las sesiones del Consejo de Seminarios Teológicos de la Iglesia Presbiteriana Unida, EE.UU. Dado el debate contemporáneo en torno a la ordenación al ministerio, los requisitos educativos, la vocación y las implicaciones de las relaciones seminario/iglesia, aquí hay preguntas de relevancia para todas las iglesias reformadas y en la oikoumene en general. |
| 546 ## - NOTA DE IDIOMA | |
| Nota de idioma | Texto en inglés. |
| 650 #0 - ASIENTO SECUNDARIO DE MATERIA - TERMINO TEMÁTICO | |
| Término temático o nombre geográfico como elemento de entrada | Reforma de la iglesia |
| 9 (RLIN) | 958 |
| 650 #7 - ASIENTO SECUNDARIO DE MATERIA - TERMINO TEMÁTICO | |
| Término temático o nombre geográfico como elemento de entrada | Teología pastoral y unidad cristiana |
| 9 (RLIN) | 7183 |
| 650 #7 - ASIENTO SECUNDARIO DE MATERIA - TERMINO TEMÁTICO | |
| Término temático o nombre geográfico como elemento de entrada | Fe |
| 9 (RLIN) | 531 |
| 650 #7 - ASIENTO SECUNDARIO DE MATERIA - TERMINO TEMÁTICO | |
| Término temático o nombre geográfico como elemento de entrada | Dios |
| 9 (RLIN) | 178 |
| 773 0# - ASIENTO DE ITEM FUENTE | |
| Biblionumber | 49396 |
| Itemnumber | 82819 |
| Lugar, editorial y fecha de publicación | Ginebra |
| Otro identificador del ítem | R1157 |
| Título | Reformed World |
| Número de control del registro | (CO-MdFUSB)38 |
| Número Internacional Normalizado para Publicaciones Seriadas (ISSN) | 0034-3056 |
| Parte(s) relacionada(s) / Volumen., número. (mes año), páginas | Volumen 36, (número 3, 1980) páginas: 117 - 121 |
| Enumeración y primera página | página: 117 |
| 942 ## - TIPO DE MATERIAL (KOHA) | |
| Tipo de Item KOHA | Artículos de Revista |
| 945 ## - INFORMACIÓN LOCAL DEL REGISTRO | |
| Catalogador | Catherine Arias Álvarez - Practicante SENA |
No hay ítems disponibles.
